<?xml version="1.0" encoding="UTF-8"?><?xml-stylesheet type="text/xsl" href="static/style.xsl"?><OAI-PMH xmlns="http://www.openarchives.org/OAI/2.0/" xmlns:xsi="http://www.w3.org/2001/XMLSchema-instance" xsi:schemaLocation="http://www.openarchives.org/OAI/2.0/ http://www.openarchives.org/OAI/2.0/OAI-PMH.xsd"><responseDate>2026-06-02T05:57:09Z</responseDate><request verb="GetRecord" identifier="oai:riuma.uma.es:10630/37057" metadataPrefix="marc">https://riuma.uma.es/rest/oai/request</request><GetRecord><record><header><identifier>oai:riuma.uma.es:10630/37057</identifier><datestamp>2026-02-03T11:26:58Z</datestamp><setSpec>com_10630_2254</setSpec><setSpec>col_10630_37953</setSpec></header><metadata><record xmlns="http://www.loc.gov/MARC21/slim" xmlns:dcterms="http://purl.org/dc/terms/" xmlns:doc="http://www.lyncode.com/xoai" xmlns:xsi="http://www.w3.org/2001/XMLSchema-instance" xsi:schemaLocation="http://www.loc.gov/MARC21/slim http://www.loc.gov/standards/marcxml/schema/MARC21slim.xsd">
   <leader>00925njm 22002777a 4500</leader>
   <datafield ind2=" " ind1=" " tag="042">
      <subfield code="a">dc</subfield>
   </datafield>
   <datafield ind2=" " ind1=" " tag="720">
      <subfield code="a">Aranda, Daniel</subfield>
      <subfield code="e">author</subfield>
   </datafield>
   <datafield ind2=" " ind1=" " tag="720">
      <subfield code="a">Santoro, Fabrizio</subfield>
      <subfield code="e">author</subfield>
   </datafield>
   <datafield ind2=" " ind1=" " tag="260">
      <subfield code="c">2021-02-19</subfield>
   </datafield>
   <datafield ind2=" " ind1=" " tag="520">
      <subfield code="a">Hexahelicene is a prototype of an extended π-conjugated system with axial chirality. Its absorption (ABS) and electronic circular dichroism (ECD) spectra show vibronic features and strong nonadiabatic effects, challenging currently available computational methods. Here, we compute the nonadiabatic ABS and ECD vibronic spectra of hexahelicene in the full energy range, covering ∼2 eV and 14–18 coupled electronic states, including all of the relevant nuclear coordinates. To this end, we exploit a recently proposed protocol that uses time-dependent density functional theory to parameterize linear vibronic coupling models comprising several electronic states. Spectra are computed through quantum dynamical propagations with multiconfigurational time-dependent Hartree methods. Our results nicely reproduce the experimental spectra providing an assignment of the main observed bands. On the contrary, we document that the application of the Herzberg–Teller intensity-borrowing theory leads to large artifacts. The proposed approach is of general applicability for rigid systems and represents a viable tool for studying the photophysical properties of π-conjugated systems characterized by a dense manifold of interacting electronic states.</subfield>
   </datafield>
   <datafield ind1="8" ind2=" " tag="024">
      <subfield code="a">Daniel Aranda and Fabrizio Santoro. Vibronic Spectra of π-Conjugated Systems with a Multitude of Coupled States: A Protocol Based on Linear Vibronic Coupling Models and Quantum Dynamics Tested on Hexahelicene. Journal of Chemical Theory and Computation 2021 17 (3), 1691-1700 DOI: 10.1021/acs.jctc.1c00022</subfield>
   </datafield>
   <datafield ind1="8" ind2=" " tag="024">
      <subfield code="a">https://hdl.handle.net/10630/37057</subfield>
   </datafield>
   <datafield ind1="8" ind2=" " tag="024">
      <subfield code="a">10.1021/acs.jctc.1c00022</subfield>
   </datafield>
   <datafield tag="653" ind2=" " ind1=" ">
      <subfield code="a">Electrónica - Espectros</subfield>
   </datafield>
   <datafield ind2="0" ind1="0" tag="245">
      <subfield code="a">Vibronic Spectra of π-Conjugated Systems with a Multitude of Coupled States: A Protocol Based on Linear Vibronic Coupling Models and Quantum Dynamics Tested on Hexahelicene</subfield>
   </datafield>
</record>
</metadata></record></GetRecord></OAI-PMH>